<?xml version="1.0" encoding="UTF-8"?>
<collection xmlns="http://www.loc.gov/MARC21/slim">
 <record>
  <leader>00496pamaa2200133   4500</leader>
  <controlfield tag="001">0000033080</controlfield>
  <controlfield tag="005">20060805090000.0</controlfield>
  <datafield tag="020" ind1="0" ind2="0">
   <subfield code="a">088139517X </subfield>
  </datafield>
  <datafield tag="090" ind1="0" ind2="0">
   <subfield code="a">BQ4102 </subfield>
   <subfield code="b">BUD 1996</subfield>
  </datafield>
  <datafield tag="245" ind1="1" ind2="4">
   <subfield code="a">BUDDHISM : </subfield>
   <subfield code="b">a brief introduction based on the compassionate teaching of the venerable triptika master Hsuan Hua  </subfield>
   <subfield code="c">By the Faculry of the Developing Virtue Secondary School.</subfield>
  </datafield>
  <datafield tag="260" ind1="0" ind2="0">
   <subfield code="a">California: </subfield>
   <subfield code="b">Buddhist Text Translatin Soceity, </subfield>
   <subfield code="c">1996.</subfield>
  </datafield>
  <datafield tag="300" ind1=" " ind2=" ">
   <subfield code="a">x, 124p: </subfield>
   <subfield code="b">ill.; </subfield>
   <subfield code="c">21cm.</subfield>
  </datafield>
  <datafield tag="650" ind1="0" ind2="0">
   <subfield code="a">Religion -- </subfield>
   <subfield code="x">Buddha </subfield>
  </datafield>
 </record>
</collection>
